000 00378nam a2200145 a 4500
005 20140414132122.0
008 130213s19uu xx 00 eng d
020 _a1780650922
050 _aTR
_bGo619 2011
245 _aGoldilocks and the three bears.
260 _bCastle Street Press,
_c2011.
300 _a10p.
650 _aChildren stories-
_xretelling.
999 _c115111
_d115111